000
00240nam a2200097Ia 4500
008
240331s9999 xx 000 0 und d
082
_b
ASI
100
_a
Griffen, V. ed
245
0
_a
Asia-Pacific post Beijing implementation monitor
942
_c
L
999
_c
1810
_d
1810